Complementum libri Assilah (Record no. 155845)

MARC details
000 -LEADER
campo de control de longitud fija 01347nam a22002895i 4500
001 - NÚMERO DE CONTROL
campo de control 155845
003 - IDENTIFICADOR DE NÚMERO DE CONTROL
campo de control ES-MaACL
005 - FECHA Y HORA DE LA ÚLTIMA TRANSACCIÓN
campo de control 20260113182942.0
008 - DATOS DE LONGITUD FIJA--INFORMACIÓN GENERAL
campo de control de longitud fija 970407m18861889sp |||| | lat d
040 ## - FUENTE DE CATALOGACIÓN
Centro catalogador/agencia de origen CLM
Lengua de catalogación spa
Centro/agencia transcriptor CCPB | SIC
080 ## - NÚMERO DE LA CLASIFICACIÓN DECIMAL UNIVERSAL
Número de la Clasificación Decimal Universal 929(460=411.21)"07/14"(038)
100 1# - ENTRADA PRINCIPAL--NOMBRE DE PERSONA
Nombre de persona Ibn al-Abbãr, Muhammad
Numeración Abd Allãh
9 (RLIN) 128141
240 10 - TÍTULO UNIFORME
Título uniforme Takmila li-kitab al-sila
245 10 - MENCIÓN DEL TÍTULO
Título Complementum libri Assilah
Resto del título : (dictionarium biographicum) /
Mención de responsabilidad, etc. ab Aben Al-Abbar ; scriptum partem suae superest ad fidem codicis escurialensis arabico nunc primum edidit, indiabus additis Franciscus Codera et Zaydin.
260 ## - PUBLICACIÓN, DISTRIBUCIÓN, ETC.
Lugar de publicación, distribución, etc. Matriti :
Nombre del editor, distribuidor, etc. apud Josephum de Rojas,
Fecha de publicación, distribución, etc. 1886-1889.
300 ## - DESCRIPCIÓN FÍSICA
Extensión 2 v. ;
Dimensiones 22 cm.
490 1# - MENCIÓN DE SERIE
Mención de serie Bibliotheca Arabigo-Hispana ;
Designación de volumen o secuencia 5- 6
594 ## - Nota al título y mención de responsabilidad
Nota al título y mención de responsabilidad Texto en árabe.
597 ## - NOTA DE DESCRIPCIÓN FÍSICA
NOTA DE DESCRIPCIÓN FÍSICA Paginación en carácteres árabes.
650 #4 - PUNTO DE ACCESO ADICIONAL DE MATERIA--TÉRMINO DE MATERIA
Término de materia o nombre geográfico como elemento de entrada Andalusíes-
Subdivisión general Biografías-
Subdivisión de forma Diccionarios.
9 (RLIN) 147603
700 0# - ENTRADA AGREGADA--NOMBRE PERSONAL
Nombre de persona Codera y Zaidín, Francisco.
9 (RLIN) 39416
830 0# - PUNTO DE ACCESO ADICIONAL DE SERIE-TÍTULO UNIFORME
Título uniforme Bibliotheca Arabigo-Hispana ;
Designación de volumen o secuencia 5- 6
9 (RLIN) 221614
852 ## - LOCALIZACIÓN
Ubicación ES-MaACL
Número de control de estantería G-1507-08
Nota libre -- Enc. hol.
-- -- An. ms.: donativo del Ministerio de Fomento
856 ## - LOCALIZACIÓN Y ACCESO ELECTRÓNICOS
Identificador Uniforme de Recursos <a href="http://menadoc.bibliothek.uni-halle.de/ssg/content/titleinfo/299971">http://menadoc.bibliothek.uni-halle.de/ssg/content/titleinfo/299971</a>
Nota pública Ir a la página
856 ## - LOCALIZACIÓN Y ACCESO ELECTRÓNICOS
Identificador Uniforme de Recursos <a href="http://menadoc.bibliothek.uni-halle.de/ssg/content/titleinfo/555753">http://menadoc.bibliothek.uni-halle.de/ssg/content/titleinfo/555753</a>
Nota pública Ir a la página
Holdings
Estatus retirado Estado de pérdida Estado de daño No para préstamo Colección Biblioteca de origen Biblioteca actual Ubicación en estantería Fecha de adquisición Fuente de adquisición Total de préstamos Signatura topográfica completa Código de barras Visto por última vez Precio de reemplazo Tipo de ítem Koha
        Colección digital Biblioteca del Ateneo de Madrid Biblioteca del Ateneo de Madrid Depósito 2 17/01/2008     G-1507-1508 1163025 23/02/2023 23/02/2023 Libro impreso antiguo